Сатирическое стихотворение А. Ф. Кони "Щербатов и Россет"

Доступно только в Электронных читальных залах Найти на картеНа карте
RUSMARC
00003582nac2a22002531x 450
00194751cbe-b322-4953-97e2-a9bcc93c8ae4
00520131007234336.0
100##$a20130529l1927 k y0rusy50 ca
1010#$arus
102##$aRU
105##$ay z |||a|
2001#$aСатирическое стихотворение А. Ф. Кони "Щербатов и Россет"
$j[18--]
215##$a1 лист
251##$cДело
300##$aРукописный текст
330##$aДокументальные материалы, отложившиеся в результате творческой деятельности А. Ф. Кони; Стихотворения и другие литературные произведения А. Ф. Кони; Стихотворения
461#0$10013a54f2e3-e9cf-409b-80fa-f0a9bd3c40cb
$12001
$aКони Анатолий Федорович, юрист, литератор, член академии наук, председатель Санкт-Петербургского окружного суда, член государственного совета
$1251
$cФонд
$1852
$j564
462#0$100178a475cd-a47d-4377-bff3-cee4b81de655
$12001
$aОпись дел фонда А. Ф. Кони за 1880-1931 гг.
$1251
$cОпись
$1852
$j1
600#1$aКони
$bА. Ф.
$f1844-1927
$gАнатолий Федорович
600#1$aЩербатов
600#1$aРоссет
801#0$aRU
$bGA_RF
801#1$aRU
$bНПО Опыт
$c20130529
$2rusmarc
801#2$aRU
$bПБ им. Б.Н. Ельцина
$c20131007
$gRCR
$2rusmarc
852##$aГА РФ
$j124
937##$d38131714
$hПБ
035##$aRuPRLIB51000606
Формат отображения